[Event "XXVIII Festival A"]
[Site "Arco ITA"]
[Date "2006.10.21"]
[Round "1"]
[White "Moratto, Davide"]
[Black "Wagman, Stuart"]
[Result "0-1"]
[WhiteElo "1831"]
[BlackElo "2125"]
[PlyCount "46"]
[EventDate "2006.10.21"]

1. e4 c5 2. Nf3 e6 3. c3 Nf6 4. e5 Nd5 5. c4 Nb6 6. Nc3 d6 7. Bd3 dxe5 8. Nxe5
Nc6 9. Nxc6 Qxd3 10. Ne5 Qd4 11. Qe2 Bd6 12. Nf3 Qxc4 13. d3 Qa6 14. Ne4 Be7
15. Bd2 Nd5 16. O-O O-O 17. Rfc1 b6 18. a4 Qb7 19. a5 Bd7 20. Ne5 Bb5 21. Nc4
Rad8 22. Qh5 Nf6 23. Qf3 Nxe4 0-1

[Event "XXVIII Festival A"]
[Site "Arco ITA"]
[Date "2006.10.21"]
[Round "1"]
[White "Niccoli, Paolo"]
[Black "Blagojevic, Dragisa"]
[Result "0-1"]
[WhiteElo "1994"]
[BlackElo "2534"]
[PlyCount "94"]
[EventDate "2006.10.21"]

1. e4 e5 2. Nf3 Nc6 3. Bb5 a6 4. Ba4 Nf6 5. O-O Be7 6. Re1 b5 7. Bb3 d6 8. c3
O-O 9. h3 Nd7 10. d4 Bf6 11. a4 Bb7 12. d5 Ne7 13. Be3 Nc5 14. Bxc5 dxc5 15.
Nbd2 c6 16. dxc6 Bxc6 17. axb5 axb5 18. Rxa8 Qxa8 19. Qa1 Ng6 20. g3 Rd8 21.
Bc2 Be7 22. Nf1 f6 23. Qxa8 Rxa8 24. Ne3 Nh8 25. Rd1 Nf7 26. Nd5 Bf8 27. Nh4
Bxd5 28. exd5 g6 29. Nf3 Ra2 30. Rb1 c4 31. Bd1 Bc5 32. Nd2 f5 33. Nf3 Kf8 34.
h4 Ke7 35. Ng5 Nxg5 36. hxg5 Kd6 37. g4 e4 38. Kf1 f4 39. f3 Kxd5 40. fxe4+
Kxe4 41. Bc2+ Kf3 42. Bd1+ Kg3 43. Ke1 f3 44. Bc2 Ba3 45. Bxg6 hxg6 46. bxa3
Re2+ 47. Kf1 Rh2 0-1

[Event "XXVIII Festival A"]
[Site "Arco ITA"]
[Date "2006.10.21"]
[Round "1"]
[White "Pedrotti, Luciano"]
[Black "Diotallevi, Maurizio"]
[Result "0-1"]
[WhiteElo "1902"]
[BlackElo "2154"]
[PlyCount "84"]
[EventDate "2006.10.21"]

1. e4 e6 2. d4 d5 3. exd5 exd5 4. Nf3 Bd6 5. Be2 Nc6 6. O-O Nge7 7. c3 Bf5 8.
Bg5 f6 9. Bh4 Qd7 10. Nbd2 Ng6 11. Bg3 Nf4 12. Re1 O-O-O 13. Nf1 Nxe2+ 14. Rxe2
Bg4 15. Qd3 Bf5 16. Qd2 g5 17. Bxd6 Qxd6 18. Ng3 Bg4 19. Qd3 h5 20. h3 Bd7 21.
Rae1 Qf4 22. Re3 h4 23. Ne2 Qd6 24. Kf1 Ne7 25. Neg1 Nf5 26. R3e2 Rdg8 27. Ne5
fxe5 28. dxe5 Qe6 29. Nf3 Qg6 30. Qxd5 Be6 31. Qc5 b6 32. Qc6 Kb8 33. Nd4 Nxd4
34. cxd4 Qf7 35. b3 g4 36. hxg4 Rxg4 37. Qc3 Rhg8 38. f3 h3 39. Rf2 Rxg2 40.
Qe3 Rxf2+ 41. Kxf2 Rg2+ 42. Kf1 Qg6 0-1

[Event "XXVIII Festival A"]
[Site "Arco ITA"]
[Date "2006.10.21"]
[Round "1"]
[White "Perryman, Marcus"]
[Black "Shaw, John Kerr"]
[Result "0-1"]
[WhiteElo "1990"]
[BlackElo "2473"]
[PlyCount "88"]
[EventDate "2006.10.21"]

1. e4 c5 2. Nf3 Nc6 3. d4 cxd4 4. Nxd4 Nf6 5. Nc3 e5 6. Ndb5 h6 7. Nd6+ Bxd6 8.
Qxd6 Qe7 9. Qxe7+ Kxe7 10. Be3 d6 11. f3 Be6 12. O-O-O Rac8 13. Kb1 a6 14. g4
Na5 15. h4 b5 16. Rg1 Nc4 17. Bxc4 Bxc4 18. g5 hxg5 19. hxg5 Nd7 20. Rg2 Rh3
21. Rgd2 Rc6 22. Rf2 Nf8 23. Bd2 Ng6 24. b3 Be6 25. Kb2 Nf4 26. Bxf4 exf4 27.
Nd5+ Bxd5 28. exd5 Rc5 29. Rd4 Rg3 30. c4 bxc4 31. bxc4 Rxg5 32. Rxf4 Re5 33.
Rg2 g6 34. Rh2 g5 35. Rd4 Re3 36. Rf2 f5 37. Kc2 Kf6 38. f4 g4 39. Rh2 g3 40.
Rh6+ Kg7 41. Rh5 Kg6 42. Rg5+ Kf6 43. Kb2 Rc8 44. c5 Rxc5 0-1

[Event "XXVIII Festival A"]
[Site "Arco ITA"]
[Date "2006.10.21"]
[Round "1"]
[White "Pipitone, Antonio"]
[Black "Bronznik, Valerij"]
[Result "1/2-1/2"]
[WhiteElo "1978"]
[BlackElo "2391"]
[PlyCount "71"]
[EventDate "2006.10.21"]

1. e4 c5 2. Nf3 e6 3. d4 cxd4 4. Nxd4 Bc5 5. Nb3 Bb6 6. Nc3 Ne7 7. Qe2 O-O 8.
Be3 f5 9. O-O-O Nbc6 10. Bxb6 Qxb6 11. f3 fxe4 12. Nxe4 d5 13. Nec5 e5 14. Na4
Qb4 15. Nc3 Be6 16. a3 Qb6 17. Na4 Qc7 18. Nac5 Bf7 19. Qd2 Rac8 20. Bd3 b6 21.
Na6 Qb7 22. Kb1 Rfd8 23. Nb4 Nb8 24. Qe2 a5 25. Na2 Qc7 26. Nc3 Nbc6 27. h4 h6
28. h5 Be6 29. g4 Rf8 30. Rdg1 e4 31. fxe4 d4 32. Nb5 Qe5 33. Nd2 Rf4 34. g5
hxg5 35. Nf3 Qf6 36. Nxg5 1/2-1/2

[Event "XXVIII Festival A"]
[Site "Arco ITA"]
[Date "2006.10.21"]
[Round "1"]
[White "Pivovarov, Michail"]
[Black "Geske, Julian"]
[Result "1-0"]
[WhiteElo "1891"]
[BlackElo "2148"]
[PlyCount "89"]
[EventDate "2006.10.21"]

1. Nf3 Nf6 2. c4 g6 3. Nc3 Bg7 4. g3 O-O 5. Bg2 d6 6. O-O e5 7. d3 Re8 8. Bg5
h6 9. Bd2 c6 10. e4 a5 11. b3 d5 12. Qc1 Kh7 13. Re1 dxe4 14. dxe4 Bg4 15. Be3
Bxf3 16. Bxf3 b6 17. Qc2 Bf8 18. Rad1 Qc7 19. Na4 Nbd7 20. c5 b5 21. Nb6 Nxb6
22. cxb6 Qb7 23. Bc5 Bxc5 24. Qxc5 Nd7 25. Rxd7 Qxd7 26. Rd1 Qb7 27. Rd6 b4 28.
Bg4 Rad8 29. Rxc6 Kg7 30. h4 h5 31. Bf3 Re7 32. g4 Rd3 33. Be2 Rc3 34. Bc4 hxg4
35. Qd6 g3 36. h5 gxf2+ 37. Kxf2 Rc2+ 38. Kg3 Rc3+ 39. Kh4 Re6 40. Qxe6 g5+ 41.
Kg4 Rc1 42. h6+ Kg8 43. Qg6+ Kf8 44. Qg7+ Ke8 45. Qg8+ 1-0

[Event "XXVIII Festival A"]
[Site "Arco ITA"]
[Date "2006.10.21"]
[Round "1"]
[White "Prakken, Gerrit"]
[Black "Marini, Lucio"]
[Result "1-0"]
[WhiteElo "2180"]
[BlackElo "1902"]
[PlyCount "31"]
[EventDate "2006.10.21"]

1. d4 e6 2. c4 Nf6 3. Nc3 Bb4 4. e3 O-O 5. Bd3 d6 6. Nge2 Nbd7 7. O-O e5 8. Bd2
exd4 9. exd4 c6 10. Ng3 Bxc3 11. bxc3 Re8 12. Qf3 Nf8 13. Bg5 Ne6 14. Bxf6 Qxf6
15. Qxf6 gxf6 16. Nh5 1-0

[Event "XXVIII Festival A"]
[Site "Arco ITA"]
[Date "2006.10.21"]
[Round "1"]
[White "Ricci, Alfredo"]
[Black "Mihajlova, Diana"]
[Result "1-0"]
[WhiteElo "2059"]
[BlackElo "1749"]
[PlyCount "57"]
[EventDate "2006.10.21"]

1. e4 g6 2. d4 Bg7 3. Nc3 a6 4. Nf3 b5 5. Bd3 d6 6. Be3 Nf6 7. h3 Bb7 8. O-O
O-O 9. Nd2 c5 10. dxc5 dxc5 11. Bxc5 Nbd7 12. Bd4 e5 13. Be3 Rc8 14. a3 Nc5 15.
Bxc5 Rxc5 16. Rc1 Bc8 17. Re1 Nh5 18. Nb3 Rc6 19. Nd5 Bh6 20. Nd2 Qg5 21. Nf3
Qd8 22. Nxe5 Rd6 23. c4 Bxc1 24. Qxc1 Re8 25. Nf3 Rc6 26. Qh6 bxc4 27. Ng5 Nf6
28. Bc2 Nxd5 29. Qxh7+ 1-0

[Event "XXVIII Festival A"]
[Site "Arco ITA"]
[Date "2006.10.21"]
[Round "1"]
[White "Rossi, Paolo"]
[Black "Watson, Ron"]
[Result "1/2-1/2"]
[WhiteElo "1790"]
[BlackElo "2112"]
[PlyCount "62"]
[EventDate "2006.10.21"]

1. e4 e6 2. d4 d5 3. e5 c5 4. c3 Nc6 5. Nf3 Qb6 6. Bd3 Bd7 7. Bc2 Rc8 8. O-O
cxd4 9. cxd4 Nb4 10. Ba4 Bxa4 11. Qxa4+ Qc6 12. Qxc6+ Rxc6 13. Nc3 Nc2 14. Rb1
b6 15. Bd2 Bb4 16. Rfc1 Bxc3 17. Rxc2 Bxd2 18. Rxc6 Ne7 19. Rc7 Bh6 20. Rxa7
Nc8 21. Ra8 Kd7 22. g4 Bf4 23. a4 Kc7 24. a5 Kb7 25. Rxc8 Rxc8 26. axb6 Kxb6
27. h4 Kb5 28. Kf1 Rc2 29. Ne1 Rd2 30. Nf3 Rc2 31. Ne1 Rd2 1/2-1/2

[Event "XXVIII Festival A"]
[Site "Arco ITA"]
[Date "2006.10.21"]
[Round "1"]
[White "Samarian, Cornel"]
[Black "Friedrich, Norbert"]
[Result "0-1"]
[WhiteElo "1937"]
[BlackElo "2309"]
[PlyCount "124"]
[EventDate "2006.10.21"]

1. c4 c5 2. Nc3 Nc6 3. e4 g6 4. Nf3 Bg7 5. Be2 d6 6. h3 e6 7. d3 Nge7 8. a3 b6
9. Qc2 Bb7 10. O-O O-O 11. Bf4 Qd7 12. Rab1 f5 13. Bd2 h6 14. Qd1 Nd4 15. Nh2
f4 16. f3 Nec6 17. b3 h5 18. Be1 Kh7 19. Kh1 Qe7 20. Bf2 Nxf3 21. Bxf3 Bxc3 22.
Qc2 Bd4 23. Qe2 Qf6 24. b4 Bxf2 25. Rxf2 Nd4 26. Qd2 e5 27. Bd1 Kh6 28. Nf3 Ne6
29. Be2 g5 30. Rg1 Rf7 31. g3 Rg8 32. g4 h4 33. Rh2 Ra8 34. Qa2 a6 35. Qb2 Bc8
36. Qc3 Rb7 37. Rb1 Rab8 38. Qd2 Qd8 39. Qc3 Qc7 40. Qd2 Qe7 41. Rg2 Qc7 42.
Rgg1 Bd7 43. Rgc1 Qd8 44. Kg2 Nd4 45. Nxd4 cxd4 46. Kf3 Rc7 47. Bf1 Rbc8 48.
Qd1 b5 49. Qd2 Be6 50. Rc2 bxc4 51. dxc4 Bxc4 52. Bxc4 Rxc4 53. Rbc1 d5 54. Qd3
Qc7 55. Rxc4 dxc4 56. Qe2 Qc6 57. Kg2 d3 58. Qf3 Rd8 59. Rd1 Rd4 60. Kf2 Qxe4
61. Re1 Qxf3+ 62. Kxf3 d2 0-1

[Event "XXVIII Festival A"]
[Site "Arco ITA"]
[Date "2006.10.21"]
[Round "1"]
[White "Savarese, Vincenzo"]
[Black "Romagnoli, Roberto"]
[Result "1/2-1/2"]
[WhiteElo "1865"]
[BlackElo "2138"]
[PlyCount "53"]
[EventDate "2006.10.21"]

1. e4 e6 2. d4 d5 3. Nd2 Nf6 4. e5 Nfd7 5. Bd3 c5 6. c3 Nc6 7. Ne2 b6 8. Nf3 a5
9. O-O Ba6 10. Re1 Bxd3 11. Qxd3 Be7 12. Bf4 O-O 13. Rac1 Rc8 14. c4 cxd4 15.
cxd5 Nb4 16. Qxd4 Nxd5 17. Rxc8 Qxc8 18. Rc1 Nc5 19. Bd2 Qa6 20. Nc3 Rd8 21.
Nxd5 Rxd5 22. Qc4 Qxc4 23. Rxc4 h6 24. Kf1 Kh7 25. Rd4 Rxd4 26. Nxd4 Nd3 27.
Bc3 1/2-1/2

[Event "XXVIII Festival A"]
[Site "Arco ITA"]
[Date "2006.10.21"]
[Round "1"]
[White "Schaefer, Michael"]
[Black "Salati, Paolo"]
[Result "1-0"]
[WhiteElo "2199"]
[BlackElo "1921"]
[PlyCount "43"]
[EventDate "2006.10.21"]

1. d4 d5 2. c4 c6 3. Nc3 Nf6 4. e3 e6 5. Nf3 Bd6 6. Bd3 Nbd7 7. O-O O-O 8. b3
Re8 9. Bb2 e5 10. dxe5 Nxe5 11. Nxe5 Bxe5 12. cxd5 Bxh2+ 13. Kxh2 Ng4+ 14. Kg3
Qg5 15. f4 Qh6 16. Rh1 Rxe3+ 17. Qf3 Qd6 18. Bxh7+ Kf8 19. Ne4 Qxd5 20. Ba3+
Ke8 21. Rad1 Qa5 22. Nd6+ 1-0

[Event "XXVIII Festival A"]
[Site "Arco ITA"]
[Date "2006.10.21"]
[Round "1"]
[White "Schrott, Ernst"]
[Black "Traversi, Carlo"]
[Result "1-0"]
[WhiteElo "2070"]
[BlackElo "1762"]
[PlyCount "109"]
[EventDate "2006.10.21"]

1. e4 Nc6 2. d4 e5 3. Nf3 d6 4. dxe5 Nxe5 5. Nxe5 dxe5 6. Qxd8+ Kxd8 7. Bc4 f6
8. O-O Bd6 9. Nc3 Ne7 10. Be3 a6 11. a4 Bd7 12. Rfd1 Ke8 13. a5 Rd8 14. Nd5 Bc6
15. Rd2 Bxd5 16. Bxd5 Nxd5 17. Rxd5 Kf7 18. Rd3 Be7 19. Rb3 Rd7 20. Rxb7 Rhd8
21. Kf1 Bd6 22. Ra4 Ra8 23. Rc4 Ke7 24. Rc6 Kd8 25. Ke2 g6 26. g4 Rf7 27. Ra7
Rxa7 28. Bxa7 Kc8 29. Be3 Kb7 30. Rc4 f5 31. gxf5 gxf5 32. exf5 Rxf5 33. Rh4
Rf7 34. c3 Kc6 35. Kd3 Kb5 36. b4 Rd7 37. c4+ Ka4 38. Ke4 Kxb4 39. Kf5 Rf7+ 40.
Ke6 Rg7 41. c5+ Kxa5 42. cxd6 cxd6 43. Kxd6 Kb5 44. Kxe5 a5 45. Kf6 Rb7 46.
Rh5+ Ka4 47. Bd2 Rb6+ 48. Ke7 Rb7+ 49. Kd6 Kb3 50. Bxa5 Kc2 51. Rh3 Kd1 52. Re3
Rf7 53. f3 Rg7 54. f4 h5 55. f5 1-0

[Event "XXVIII Festival A"]
[Site "Arco ITA"]
[Date "2006.10.21"]
[Round "1"]
[White "Stolfa, Rodolfo"]
[Black "Loi, Andrea"]
[Result "0-1"]
[WhiteElo "1754"]
[BlackElo "2069"]
[PlyCount "64"]
[EventDate "2006.10.21"]

1. d4 Nf6 2. c4 g6 3. Nc3 Bg7 4. e4 d6 5. Bd3 O-O 6. Nge2 Nc6 7. O-O e5 8. d5
Ne7 9. f3 Ne8 10. Be3 f5 11. Qd2 f4 12. Bf2 h5 13. Kh1 g5 14. g3 Ng6 15. gxf4
gxf4 16. Qe1 Bf6 17. Rg1 Kh7 18. Rxg6 Kxg6 19. Nxf4+ exf4 20. e5+ Kf7 21. exf6
Nxf6 22. Bh4 Qe8 23. Qd2 Qe3 24. Qd1 Rg8 25. Qf1 Rg1+ 26. Qxg1 Qxf3+ 27. Qg2
Qxd3 28. Rg1 Bg4 29. Rf1 Bh3 30. Qxh3 Qxh3 31. Rxf4 Rg8 32. Rxf6+ Ke8 0-1

[Event "XXVIII Festival A"]
[Site "Arco ITA"]
[Date "2006.10.21"]
[Round "1"]
[White "Teske, Henrik"]
[Black "Blasco, Domenico"]
[Result "1-0"]
[WhiteElo "2514"]
[BlackElo "1992"]
[PlyCount "59"]
[EventDate "2006.10.21"]

1. d4 g6 2. e4 Bg7 3. Nc3 d6 4. f4 a6 5. Nf3 b5 6. Bd3 Nd7 7. e5 e6 8. Ne4 f5
9. Neg5 Nb6 10. O-O dxe5 11. Nxe5 Qxd4+ 12. Kh1 Bxe5 13. fxe5 Qd5 14. a4 Bb7
15. Qe2 h6 16. Nh3 Nc4 17. Nf4 Qc6 18. b3 g5 19. axb5 axb5 20. Rxa8+ Bxa8 21.
bxc4 gxf4 22. cxb5 Qd5 23. c4 Qb7 24. c5 Qd5 25. c6 Ne7 26. Bc4 Qe4 27. Qh5+
Kd8 28. Bxe6 Nxc6 29. bxc6 Bxc6 30. Rd1+ 1-0

[Event "XXVIII Festival A"]
[Site "Arco ITA"]
[Date "2006.10.21"]
[Round "1"]
[White "Tocco, Paolo"]
[Black "Murli, Almerico"]
[Result "1-0"]
[WhiteElo "2141"]
[BlackElo "1889"]
[PlyCount "61"]
[EventDate "2006.10.21"]

1. d4 Nf6 2. Nc3 g6 3. e4 d6 4. Be3 Bg7 5. Qd2 c6 6. Bh6 Bxh6 7. Qxh6 Qa5 8.
Bd3 b5 9. Nf3 b4 10. Nb1 Qh5 11. Qd2 a5 12. a3 bxa3 13. Nxa3 Nbd7 14. O-O O-O
15. Nc4 a4 16. b3 Ba6 17. Rxa4 Bxc4 18. Rxc4 Rfc8 19. Re1 Qa5 20. b4 Qb6 21.
Qh6 e5 22. Qg5 Re8 23. dxe5 dxe5 24. Qe3 Qxe3 25. Rxe3 Rac8 26. Re1 Nh5 27. g3
Ng7 28. Ra1 Nb8 29. Ra7 f5 30. Rc5 Ne6 31. Rxe5 1-0

[Event "XXVIII Festival A"]
[Site "Arco ITA"]
[Date "2006.10.21"]
[Round "1"]
[White "Tomassoni, Leonardo"]
[Black "Giaracuni, Claudio"]
[Result "1/2-1/2"]
[WhiteElo "2020"]
[BlackElo "1652"]
[PlyCount "108"]
[EventDate "2006.10.21"]

1. e4 e6 2. d4 d5 3. Nc3 Bb4 4. e5 c5 5. a3 Bxc3+ 6. bxc3 Qc7 7. Nf3 Nc6 8. Bd3
Bd7 9. O-O Nge7 10. Re1 c4 11. Bf1 Ng6 12. Ng5 h6 13. Nxf7 Kxf7 14. Qh5 Nce7
15. a4 Rhf8 16. Re3 Kg8 17. Rg3 Rf5 18. Qg4 Raf8 19. Be3 R8f7 20. Qd1 Nf4 21.
a5 Neg6 22. Qc1 Qd8 23. f3 Qf8 24. Rb1 Bc6 25. Qe1 Kh7 26. Ra1 a6 27. Kh1 Qe7
28. Qd2 Qf8 29. Kg1 Qe7 30. Qc1 Nh4 31. Qd1 Qf8 32. Qd2 g5 33. h3 Nh5 34. Rg4
Rxf3 35. Be2 Rg3 36. Rxh4 gxh4 37. Bxh5 Rf5 38. Bg4 Rf7 39. Bxh6 Qxh6 40. Qe2
Qf4 41. Bxe6 Rfg7 42. Qh5+ Qh6 43. Bf5+ R7g6 44. Bxg6+ Rxg6 45. Qf3 Rg3 46.
Qf7+ Qg7 47. Qh5+ Kg8 48. Qxh4 Rxg2+ 49. Kh1 Qg3 50. Qd8+ Kh7 51. Qe7+ Kh6 52.
Qf6+ Kh7 53. Qe7+ Kh6 54. Qf6+ Kh7 1/2-1/2

[Event "XXVIII Festival A"]
[Site "Arco ITA"]
[Date "2006.10.21"]
[Round "1"]
[White "Trauth, Michael"]
[Black "Morselli, Stefano"]
[Result "1-0"]
[WhiteElo "2153"]
[BlackElo "1896"]
[PlyCount "73"]
[EventDate "2006.10.21"]

1. c4 Nf6 2. Nf3 g6 3. g3 Bg7 4. Bg2 d6 5. O-O O-O 6. Nc3 Na6 7. Rb1 c5 8. a3
Bf5 9. d3 Rb8 10. b4 cxb4 11. axb4 Nd7 12. Bd2 Ne5 13. Nxe5 Bxe5 14. Qa4 Qc8
15. Nd5 Re8 16. Bg5 f6 17. Bd2 Bd7 18. Qa2 Bh3 19. f4 Bxg2 20. Kxg2 Bd4 21. e3
e6 22. c5 Qc6 23. exd4 Qxd5+ 24. Qxd5 exd5 25. f5 g5 26. b5 Re2+ 27. Rf2 Rxf2+
28. Kxf2 Nc7 29. cxd6 Ne8 30. d7 Nd6 31. Re1 Rd8 32. Re7 Kf8 33. Re6 Nxb5 34.
Bb4+ Kg7 35. Re7+ Kh6 36. Rf7 Nxd4 37. Be7 1-0

[Event "XXVIII Festival A"]
[Site "Arco ITA"]
[Date "2006.10.21"]
[Round "1"]
[White "Valenti, Giuseppe"]
[Black "Pieri, Enzo"]
[Result "1-0"]
[WhiteElo "2252"]
[BlackElo "1931"]
[PlyCount "37"]
[EventDate "2006.10.21"]

1. e4 c5 2. Nf3 d6 3. d4 cxd4 4. Nxd4 Nf6 5. Nc3 a6 6. Bg5 e6 7. f4 Be7 8. Qf3
h6 9. Bh4 Nc6 10. O-O-O Qc7 11. Be2 Nxd4 12. Rxd4 e5 13. Rc4 Qd8 14. fxe5 Bg4
15. exf6 Bxf3 16. fxe7 Qa5 17. Bxf3 g5 18. Be1 Qe5 19. Nd5 1-0

[Event "XXVIII Festival A"]
[Site "Arco ITA"]
[Date "2006.10.21"]
[Round "1"]
[White "Vezzosi, Paolo"]
[Black "Huettemann, Ralf"]
[Result "1-0"]
[WhiteElo "2311"]
[BlackElo "1949"]
[PlyCount "83"]
[EventDate "2006.10.21"]

1. d4 c5 2. d5 g6 3. e4 d6 4. f4 Bg7 5. Nf3 Nf6 6. Nc3 O-O 7. Bd3 b5 8. Nxb5
Qb6 9. c4 Bd7 10. Nc3 Na6 11. O-O Nb4 12. Bb1 a5 13. Qe2 e6 14. a3 Na6 15. e5
Ne8 16. f5 exf5 17. e6 fxe6 18. dxe6 Bc6 19. Nd5 Qb7 20. Ba2 Bxd5 21. cxd5 Nf6
22. Ng5 Rfe8 23. Bf4 Bf8 24. Rad1 Nc7 25. Nf7 Qb6 26. Bc4 Rab8 27. b3 Rb7 28.
a4 Ne4 29. g4 Nc3 30. Qg2 Nxd1 31. gxf5 Nc3 32. fxg6 h5 33. g7 Ne2+ 34. Qxe2
Bxg7 35. Nxd6 Re7 36. Nc8 Bd4+ 37. Kh1 Nxd5 38. Bxd5 Qd8 39. Nxe7+ Rxe7 40.
Qg2+ Kh8 41. Bg5 h4 42. Rf7 1-0

[Event "XXVIII Festival A"]
[Site "Arco ITA"]
[Date "2006.10.21"]
[Round "1"]
[White "Weinberg, Emanuele"]
[Black "Rahls, Peter"]
[Result "0-1"]
[WhiteElo "1956"]
[BlackElo "2321"]
[PlyCount "82"]
[EventDate "2006.10.21"]

1. d4 c5 2. d5 e5 3. c4 d6 4. Nc3 Nf6 5. e4 Be7 6. f3 O-O 7. Be3 a6 8. Bd3 Nh5
9. Qd2 Nf4 10. Bc2 Nd7 11. g3 Ng6 12. h4 Re8 13. h5 Ngf8 14. Nh3 b5 15. cxb5
axb5 16. Nxb5 Nb6 17. Bd3 c4 18. Bxb6 Qxb6 19. Bxc4 Ra4 20. Bf1 Bd7 21. b3 Raa8
22. Nc3 h6 23. Nf2 Rec8 24. Bc4 Bg5 25. f4 exf4 26. gxf4 Bf6 27. e5 dxe5 28.
Nfe4 exf4 29. Qxf4 Bxc3+ 30. Nxc3 Rxc4 31. bxc4 Re8+ 32. Kd2 g5 33. Qf3 Qd4+
34. Qd3 Qf4+ 35. Kd1 Bg4+ 36. Ne2 Bxe2+ 37. Qxe2 Rxe2 38. Kxe2 Qxc4+ 39. Kf2
Qxd5 40. Rhd1 Qc5+ 41. Ke2 Ne6 0-1

[Event "XXVIII Festival A"]
[Site "Arco ITA"]
[Date "2006.10.21"]
[Round "1"]
[White "Wohl, Aleksandar H."]
[Black "Bondielli, Giorgio"]
[Result "1-0"]
[WhiteElo "2427"]
[BlackElo "1986"]
[PlyCount "33"]
[EventDate "2006.10.21"]

1. e4 e5 2. Nf3 Nf6 3. Nxe5 d6 4. Nxf7 Kxf7 5. d4 Be7 6. Bc4+ Be6 7. d5 Bg4 8.
f3 Nxe4 9. fxg4 Re8 10. O-O+ Kg8 11. Bd3 Bf6 12. Qf3 Ng5 13. Bxg5 Bxg5 14. Qf7+
Kh8 15. Qh5 Bh6 16. g5 Re5 17. Qf7 1-0

[Event "XXVIII Festival A"]
[Site "Arco ITA"]
[Date "2006.10.22"]
[Round "2"]
[White "Ager, Josef"]
[Black "Pivovarov, Michail"]
[Result "0-1"]
[WhiteElo "2196"]
[BlackElo "1891"]
[PlyCount "70"]
[EventDate "2006.10.21"]

1. Nf3 Nf6 2. c4 b6 3. g3 Bb7 4. Bg2 e6 5. O-O Bb4 6. a3 Be7 7. b3 O-O 8. Bb2
d6 9. d4 Nbd7 10. Nc3 Ne4 11. Qc2 Nxc3 12. Bxc3 Nf6 13. Rfd1 Qe8 14. Bb2 a5 15.
Rac1 Rd8 16. Ne1 Bxg2 17. Nxg2 d5 18. cxd5 exd5 19. Qxc7 Bd6 20. Qc2 Qe7 21. a4
Rfe8 22. e3 Ne4 23. Qe2 Bb4 24. Nf4 g6 25. Rc2 Qg5 26. Nd3 Bf8 27. Kg2 h5 28.
Qf3 Re6 29. Qf4 Qe7 30. Rc7 Qe8 31. Qf3 Rf6 32. Qe2 Ng5 33. h4 Qe4+ 34. Kg1
Nf3+ 35. Kf1 Nxd4 0-1

[Event "XXVIII Festival A"]
[Site "Arco ITA"]
[Date "2006.10.22"]
[Round "2"]
[White "Antoniacci, Riccardo"]
[Black "Gestrich, Wolfgang"]
[Result "1-0"]
[WhiteElo "1969"]
[BlackElo "1762"]
[PlyCount "77"]
[EventDate "2006.10.21"]

1. e4 e5 2. Nf3 Nf6 3. Nxe5 d6 4. Nxf7 Kxf7 5. d4 g6 6. Bc4+ Kg7 7. Nc3 Be7 8.
Be3 Rf8 9. f3 Kh8 10. Bh6 Re8 11. Qd2 Bf8 12. Bg5 Bg7 13. h4 Be6 14. d5 Bf7 15.
O-O-O a6 16. Ne2 Nbd7 17. h5 gxh5 18. Ng3 Qb8 19. Qf4 Bg6 20. Nf5 Bxf5 21. exf5
b5 22. Bb3 Nc5 23. Qh4 Nxb3+ 24. axb3 Rf8 25. Rhe1 h6 26. Bf4 Rf7 27. Re6 Qf8
28. g4 hxg4 29. fxg4 Ng8 30. Rde1 Rf6 31. Qh5 Rxe6 32. dxe6 Qe8 33. Qh3 Kh7 34.
Rh1 Qf8 35. g5 Be5 36. Bxe5 dxe5 37. f6 Kg6 38. Rf1 hxg5 39. Qf5+ 1-0

[Event "XXVIII Festival A"]
[Site "Arco ITA"]
[Date "2006.10.22"]
[Round "2"]
[White "Astengo, Corrado"]
[Black "Pedrotti, Luciano"]
[Result "0-1"]
[WhiteElo "2128"]
[BlackElo "1902"]
[PlyCount "126"]
[EventDate "2006.10.21"]

1. e4 e5 2. Nf3 Nc6 3. Bb5 a6 4. Ba4 Nf6 5. O-O b5 6. Bb3 Be7 7. Re1 O-O 8. d4
d6 9. c3 Bg4 10. d5 Na5 11. Bc2 Nc4 12. h3 Bh5 13. b3 Nb6 14. Nbd2 Qc8 15. Nf1
c5 16. Be3 a5 17. Ng3 Bg6 18. Nh4 Nbd7 19. Nhf5 Re8 20. Qd2 Nh5 21. Nxe7+ Rxe7
22. Nf5 Bxf5 23. exf5 Nhf6 24. Bg5 Re8 25. c4 bxc4 26. bxc4 Qa6 27. Ba4 Reb8
28. Bc6 Ra7 29. Bb5 Qc8 30. Bxd7 Nxd7 31. Be7 Qc7 32. f6 Nxf6 33. Bxf6 gxf6 34.
Qh6 Qe7 35. Re3 Kh8 36. Rf3 Rg8 37. Rb1 Qd8 38. Rxf6 Rg6 39. Rxg6 fxg6 40. Rb3
Rf7 41. g3 Kg8 42. Rb5 a4 43. h4 Qf6 44. Rb8+ Rf8 45. Rxf8+ Qxf8 46. Qxf8+ Kxf8
47. Kg2 Kf7 48. Kf3 Kf6 49. Ke4 h5 50. a3 g5 51. hxg5+ Kxg5 52. f3 Kg6 53. Kd3
Kf6 54. Ke4 Kg5 55. Kd3 h4 56. gxh4+ Kxh4 57. Ke3 Kg5 58. Ke4 Kg6 59. Kd3 Kf6
60. Kd2 Kg5 61. Ke3 Kf5 62. Ke2 Kf4 63. Kf2 e4 0-1

[Event "XXVIII Festival A"]
[Site "Arco ITA"]
[Date "2006.10.22"]
[Round "2"]
[White "Blagojevic, Dragisa"]
[Black "Dalponte, Dino"]
[Result "1-0"]
[WhiteElo "2534"]
[BlackElo "2140"]
[PlyCount "53"]
[EventDate "2006.10.21"]

1. d4 d5 2. c4 e6 3. Nc3 f5 4. e3 Nf6 5. Bd3 c6 6. Nge2 Bd6 7. Qc2 Ne4 8. O-O
O-O 9. f3 Ng5 10. Bd2 h6 11. e4 dxc4 12. Bxc4 Kh8 13. e5 Bc7 14. Be3 Re8 15.
Nf4 Nh7 16. Qxf5 Nf8 17. Ng6+ Nxg6 18. Qxg6 Nd7 19. Ne4 Bxe5 20. Rad1 Bf6 21.
Nd6 Re7 22. Nf7+ Rxf7 23. Qxf7 Nf8 24. Rfe1 Qd6 25. Bxh6 Bxd4+ 26. Kh1 gxh6 27.
Re4 1-0

[Event "XXVIII Festival A"]
[Site "Arco ITA"]
[Date "2006.10.22"]
[Round "2"]
[White "Blasco, Domenico"]
[Black "Moratto, Davide"]
[Result "1/2-1/2"]
[WhiteElo "1992"]
[BlackElo "1831"]
[PlyCount "128"]
[EventDate "2006.10.21"]

1. d4 Nf6 2. Bf4 e6 3. e3 c5 4. c3 b6 5. Nf3 Bb7 6. Nbd2 Be7 7. h3 O-O 8. Bd3
d6 9. O-O Nbd7 10. Qe2 a6 11. a4 Nd5 12. Bh2 f5 13. e4 fxe4 14. Qxe4 N7f6 15.
Qxe6+ Kh8 16. Rfe1 Bc8 17. Qe2 Ra7 18. Ng5 h6 19. Ne6 Bxe6 20. Qxe6 cxd4 21.
cxd4 Nb4 22. Bf5 Qd7 23. Qxd7 Nxd7 24. Rxe7 Rxf5 25. Bxd6 Nc6 26. Re8+ Kh7 27.
Nf3 Nf6 28. Rc8 Na5 29. b4 Rd7 30. Be5 Nb7 31. Rc6 Nd5 32. b5 axb5 33. axb5 Na5
34. Rd6 Rxd6 35. Bxd6 Nc3 36. Be5 Nc4 37. Ra7 Nxe5 38. dxe5 Nxb5 39. Rb7 Nc3
40. Rxb6 Ne2+ 41. Kf1 Nf4 42. Rb8 Rf7 43. Re8 Ra7 44. Ke1 Ra2 45. Rf8 Nd3+ 46.
Kf1 Rxf2+ 47. Kg1 Re2 48. Re8 Nf4 49. Nh4 Ng6 50. Nxg6 Kxg6 51. Kf1 Re4 52. Re7
Kh7 53. Kf2 Kg8 54. Kf3 Ra4 55. g3 Kf8 56. Rb7 Rc4 57. h4 h5 58. Ra7 Rb4 59. e6
Rg4 60. Rf7+ Ke8 61. Rf4 Rg6 62. Re4 Ke7 63. Re5 Rf6+ 64. Ke4 Rxe6 1/2-1/2

[Event "XXVIII Festival A"]
[Site "Arco ITA"]
[Date "2006.10.22"]
[Round "2"]
[White "Bondielli, Giorgio"]
[Black "Carlozzi, Giovanni"]
[Result "1-0"]
[WhiteElo "1986"]
[BlackElo "1789"]
[PlyCount "51"]
[EventDate "2006.10.21"]

1. e4 e5 2. Nf3 Nc6 3. d4 exd4 4. Bc4 d6 5. Nxd4 Ne5 6. Bb3 Qh4 7. O-O Bg4 8.
f3 Bd7 9. f4 Bg4 10. Qe1 Qxe1 11. Rxe1 Nc6 12. Nxc6 bxc6 13. Be3 Be6 14. Ba4
Bd7 15. Nc3 Nf6 16. h3 Be7 17. Rad1 Rd8 18. e5 Nh5 19. g4 Ng3 20. Kg2 Bh4 21.
Bf2 Nf5 22. gxf5 Bxf2 23. Kxf2 d5 24. e6 fxe6 25. fxe6 Bc8 26. Bxc6+ 1-0

[Event "XXVIII Festival A"]
[Site "Arco ITA"]
[Date "2006.10.22"]
[Round "2"]
[White "Bozzao, Francesco"]
[Black "Acunzo, Domenico"]
[Result "0-1"]
[WhiteElo "1972"]
[BlackElo "1778"]
[PlyCount "60"]
[EventDate "2006.10.21"]

1. e4 e6 2. d4 d5 3. e5 c5 4. c3 Nc6 5. Nf3 Qb6 6. a3 c4 7. Nbd2 Bd7 8. b4 cxb3
9. Nxb3 Na5 10. Nxa5 Qxa5 11. Bb2 Bb5 12. Bd3 Qa6 13. Be2 Ne7 14. a4 Bxe2 15.
Qxe2 Qxe2+ 16. Kxe2 b6 17. Rhc1 Rc8 18. Nd2 Ng6 19. g3 Be7 20. Ba3 O-O 21. c4
Bxa3 22. Rxa3 dxc4 23. Nxc4 Rc7 24. Rac3 Rfc8 25. Kd2 Ne7 26. Nxb6 Rxc3 27.
Nxc8 Rxc8 28. Rxc8+ Nxc8 29. Kd3 Kf8 30. Kc4 Ke7 0-1